Reducing climate impacts in the transportation sector (Record no. 43101)

MARC details
000 -LEADER
fixed length control field 00382nam a2200145Ia 4500
020 ## - INTERNATIONAL STANDARD BOOK NUMBER
ISBN 9781402069789
082 ## - DEWEY DECIMAL CLASSIFICATION NUMBER
Classification number 504.38:629
Item number SPE
100 ## - MAIN ENTRY--AUTHOR NAME
Personal name Cannon, JS
245 #0 - TITLE STATEMENT
Title Reducing climate impacts in the transportation sector
260 ## - PUBLICATION, DISTRIBUTION, ETC. (IMPRINT)
Place of publication Springer
Name of publisher VSA
Year of publication 2009
650 ## - SUBJECT ADDED ENTRY--TOPICAL TERM
Topical Term Climate change
700 ## - ADDED ENTRY--PERSONAL NAME
Personal name Sperlina, D
942 ## - ADDED ENTRY ELEMENTS (KOHA)
Koha item type Books
Holdings
Withdrawn status Lost status Damaged status Not for loan Home library Current library Date acquired Full call number Accession Number Koha item type
        RRII Library RRII Library 16/12/2021 504.38:629 SPE 23366 Books